[Event "72nd RUS-ch Higher League 2019"]
[Site "Yaroslavl"]
[Date "2019.06.27"]
[Round "1.1"]
[White "Iljiushenok, Ilia"]
[Black "Fedoseev, Vladimir"]
[Result "1-0"]
[WhiteElo "2549"]
[BlackElo "2680"]
[Annotator "TA"]
[PlyCount "43"]
[EventDate "2019.06.27"]
[EventType "swiss"]
[EventCountry "RUS"]
[SourceTitle "playchess.com"]
[Source "ChessBase"]
[SourceQuality "1"]

{[%evp 12,43,26,18,20,18,23,9,21,22,20,26,20,16,18,0,0,0,0,0,68,45,46,46,79,62,240,218,320,314,308,309,755,733]} 1. e4 c5 2. Nf3 d6 3. d4 cxd4 4. Nxd4 Nf6 5. Nc3 a6 6. Bg5 Nbd7 7. Bc4 Qb6 {B94: Sicilian Najdorf: 6 Bg5 Nbd7} 8. Bb3 e6 9. O-O (9. Qd2 Be7 10. O-O-O Nc5 11. f3 Qc7 12. g4 b5 13. h4 Bd7 14. Kb1 b4 15. Nce2 {0-1 (40) Papp,G (2591)-Navara,D (2733) Slovakia 2019}) 9... h6 {The position is equal.} 10. Be3 Nc5 11. f4 $146 {Black should prevent e5.} ({Predecessor:} 11. a4 Qc7 12. f3 Nxb3 13. cxb3 Be7 14. Rc1 Qb8 15. b4 {½-½ (60) Bunk,W (2374)-Dabija,M (2341) ICCF email 2012}) 11... Qc7 12. Qf3 $36 {[%mdl 2048] White is pushing.} b5 13. e5 Bb7 14. Qg3 dxe5 15. fxe5 {Threatens to win with Ncxb5.} Nfe4 (15... Nfd7 $11) 16. Nxe4 $14 Bxe4 17. a4 b4 18. Bc4 g5 $2 (18... Rd8 $14) 19. Qf2 $18 {aiming for Nb5!} Bg6 (19... Rb8 {was called for.} 20. Rad1 Rg8) 20. Nb5 Qc6 {[#]} 21. Qf6 $1 Rg8 $2 {[#]} (21... Ne4 22. Qxh8 Qxc4) 22. Bd5 $1 {[%mdl 576] Pin, Skewer. Accuracy: White = 80%, Black = 40%.} 1-0

[Event "72nd RUS-ch Higher League 2019"]
[Site "Yaroslavl"]
[Date "2019.06.27"]
[Round "1.2"]
[White "Najer, Evgeniy"]
[Black "Lomasov, Semyon"]
[Result "1/2-1/2"]
[WhiteElo "2678"]
[BlackElo "2542"]
[Annotator "TA"]
[PlyCount "67"]
[EventDate "2019.06.27"]
[EventType "swiss"]
[EventCountry "RUS"]
[SourceTitle "playchess.com"]
[Source "ChessBase"]
[SourceQuality "1"]

{[%evp 19,67,17,13,12,20,0,0,7,0,0,15,-9,-8,-5,7,2,6,6,14,15,15,0,0,0,0,0,51,51,30,0,0,0,0,0,0,0,0,0,0,0,0,0,0,0,0,0,0,0,0,0]} 1. e4 e6 2. d4 d5 3. exd5 exd5 4. Nf3 Bd6 5. c4 Nf6 6. Nc3 O-O 7. cxd5 Nbd7 8. Bg5 Nb6 9. Be2 Be7 10. Bxf6 Bxf6 11. Qb3 {C01: French: Exchange Variation} a5 (11... Bg4 12. O-O Bxf3 13. Bxf3 Bxd4 14. Rad1 Be5 15. a4 Rb8 16. Ne4 Bd6 17. Qc2 Nd7 18. g3 Nf6 {½-½ (41) Fressinet,L (2722)-Mirzoev,E (2496) Orsay 2018}) 12. a4 Bf5 13. O-O Qe7 $146 ({Predecessor:} 13... Qd6 14. Rfc1 Rac8 15. h3 h6 16. Qd1 Nxd5 17. Nxd5 Qxd5 18. Rc5 Qe4 19. Rxa5 {½-½ (29) Vajda,S (2401)-Szelenyi,N (2294) Hungary 2006}) 14. Rac1 Rac8 15. Rfd1 Qb4 16. Qa2 Rfd8 17. h3 c6 18. dxc6 bxc6 19. Ba6 Rb8 20. Ne5 Bxe5 21. dxe5 Rxd1+ 22. Rxd1 Bc2 (22... g6 $11) 23. Rd6 $14 Nxa4 24. Nxa4 Bxa4 {The position is equal.} 25. Qa1 g6 26. Qc1 Qxb2 {[#]} 27. Rd8+ $1 {[%mdl 512] [#]} Kg7 $1 (27... Rxd8 28. Qxb2) 28. Qg5 Qa1+ (28... Rxd8 $5 29. Qf6+ $8 Kh6 30. Qh4+ Kg7 31. Qf6+ Kh6 32. Qh4+ Kg7 33. Qf6+ $11) 29. Kh2 Rxd8 30. Qf6+ $1 Kh6 31. Qh4+ Kg7 32. Qf6+ $1 Kh6 33. Qh4+ Kg7 34. Qf6+ $1 {Accuracy: White = 78%, Black = 72%.} 1/2-1/2

[Event "72nd RUS-ch Higher League 2019"]
[Site "Yaroslavl"]
[Date "2019.06.27"]
[Round "1.4"]
[White "Dreev, Aleksey"]
[Black "Belozerov, Andrei"]
[Result "1-0"]
[WhiteElo "2657"]
[BlackElo "2533"]
[Annotator "TA"]
[PlyCount "97"]
[EventDate "2019.06.27"]
[EventType "swiss"]
[EventCountry "RUS"]
[SourceTitle "playchess.com"]
[Source "ChessBase"]
[SourceQuality "1"]

{[%evp 9,131,15,26,25,28,13,31,-9,-10,-6,0,0,5,-15,-8,-6,0,0,0,-7,3,-4,7,0,-5,0,0,0,0,-19,0,-16,-16,-34,-1,-10,0,-39,-39,-48,0,0,2,10,30,29,25,14,27,8,6,-2,0,-20,-10,-10,0,0,0,0,48,62,33,33,45,0,66,10,10,8,12,0,0,0,0,0,16,16,20,12,12,14,31,12,74,9,41,39,128,106,135,135,122,122,137,129,147,37,37,37,67,66,61,30,48,30,37,42,207,207,425,407,1230,1239,1414,1281,1619,1580,29973,29974,29973,29971,12835,5218]} 1. d4 d5 2. Nf3 Nf6 3. c4 c6 4. g3 Bg4 5. Ne5 Bf5 6. cxd5 {D11: Slav Defence: 3 Nf3 sidelines and 3...Nf6 4 e3 Bg4} cxd5 7. Nc3 Nc6 8. Nxc6 {White is slightly better.} bxc6 9. Bg2 e6 10. O-O Be7 11. Be3 $146 ({Predecessor:} 11. Bf4 O-O 12. Rc1 Qa5 13. Na4 Rfc8 14. a3 Qb5 15. Re1 {0-1 (40) Hausrath,D (2537)-Smeets,J (2619) Netherlands 2014}) 11... O-O 12. Rc1 Qa5 13. Na4 Rfc8 14. Bd2 Qb5 15. Re1 Ne4 16. Be3 Bb4 17. Rf1 $1 h6 18. Bf4 Bg6 19. Bf3 Bh7 20. h4 Be7 21. Be3 Rab8 22. Bf4 {Threatens to win with Bxe4.} Ra8 23. Be5 f6 24. Bf4 Rd8 25. Bg4 Kf7 $1 26. h5 Bd6 (26... Rdc8 {is more complex.} 27. Kg2 Re8 28. e3 Bb4 29. Be2 Qb7) 27. Bxd6 Rxd6 28. e3 Re8 29. Be2 Qb8 30. Bd3 e5 31. Kg2 exd4 32. exd4 Rde6 33. Nc5 R6e7 34. Qb3 Kg8 (34... Qc8 {feels hotter.} 35. Bxe4 Bxe4+ 36. Nxe4 Rxe4 37. Rc5 Re2) 35. Qxb8 Rxb8 36. Nb3 Bf5 37. Rfe1 {[#]} (37. g4 $5 {[%cal Rg4f5]} Bd7 38. Rfe1 $11) 37... Rbe8 (37... Bh3+ $1 $11 {[%mdl 512]} 38. Kh2 (38. Kxh3 Nxf2+) 38... Bg4) 38. Re3 {[#]} (38. Na5 $1 $14) 38... Bh3+ $1 $11 {[%mdl 512]} 39. Kg1 (39. Kxh3 Nxf2+) 39... Ng5 40. Rxe7 Nf3+ 41. Kh1 Rxe7 42. Na5 Bd7 43. Nxc6 {[%mdl 64] Double Attack} Re1+ $1 44. Rxe1 Nxe1 {[%mdl 4096] Endgame KBN-KBN} 45. Bb5 a6 $1 {[%cal Ra6b5]} 46. Ba4 Nd3 {[#]} (46... Kf8 $11 {remains equal.}) 47. b3 (47. Bc2 $1 $16) 47... Nxf2+ 48. Kg2 Ne4 (48... Nd3 $1 $14) 49. Nb4 {Played: Nc6-e7} 1-0

[Event "72nd RUS-ch Higher League 2019"]
[Site "Yaroslavl"]
[Date "2019.06.27"]
[Round "1.5"]
[White "Khanin, Semen"]
[Black "Motylev, Alexander"]
[Result "1/2-1/2"]
[WhiteElo "2529"]
[BlackElo "2654"]
[Annotator "TA"]
[PlyCount "78"]
[EventDate "2019.06.27"]
[EventType "swiss"]
[EventCountry "RUS"]
[SourceTitle "playchess.com"]
[Source "ChessBase"]
[SourceQuality "1"]

{[%evp 10,78,33,35,42,33,41,43,26,16,28,16,20,26,62,8,0,0,0,-28,2,0,33,30,39,19,27,20,18,18,24,14,26,26,26,24,15,0,0,0,0,0,0,0,0,0,0,0,0,0,0,0,0,0,0,0,0,0,0,0,0,0,0,0,0,0,0,0,0,0,0]} 1. e4 e5 2. Nf3 Nc6 3. Bc4 Nf6 4. d3 h6 5. O-O d6 6. c3 g5 {C55: Two Knights: 4 d3, 4 d4 exd4 5 e5 and Max Lange Attack} 7. Nbd2 Bg7 8. Bb3 O-O {White is slightly better.} 9. Nc4 Be6 10. h4 gxh4 $146 ({Predecessor:} 10... g4 11. Nh2 d5 12. exd5 Nxd5 13. Nxg4 Qxh4 14. Nce3 Nce7 15. Nxd5 {½-½ (15) Ragger,M (2668)-Hammer,J (2621) Norway 2018}) 11. Ne3 d5 12. Nxh4 (12. Bxd5 $14 Nxd5 13. exd5 Bxd5 14. Nxd5 Qxd5 15. Nxh4) 12... dxe4 $11 13. dxe4 Nxe4 14. Bxe6 {[#] Bd5 is the strong threat.} fxe6 15. Qg4 Ng5 {Hoping for ...Rf4.} (15... Qe8 $5 {[%cal Rf8f4]}) 16. Nc4 Qf6 17. Be3 e4 18. f3 exf3 $1 19. Nxf3 Qf5 20. Qxf5 exf5 21. Nxg5 hxg5 22. Bxg5 Rae8 23. Rae1 {The position is equal.} Ne5 24. Nxe5 Bxe5 25. Bf4 Bxf4 26. Rxe8 Rxe8 27. Rxf4 {[%mdl 4096] Endgame KR-KR} Re2 28. Rf2 Re1+ 29. Kh2 Ra1 30. b3 Kg7 31. Rxf5 Rxa2 32. Rc5 c6 33. b4 Kf6 34. Kg3 Rd2 35. Kf3 Rd1 36. g4 Rf1+ 37. Ke4 Re1+ 38. Kf4 Rf1+ 39. Ke4 Re1+ {Accuracy: White = 68%, Black = 65%.} 1/2-1/2

[Event "72nd RUS-ch Higher League 2019"]
[Site "Yaroslavl"]
[Date "2019.06.27"]
[Round "1.6"]
[White "Alekseenko, Kirill"]
[Black "Triapishko, Alexandr"]
[Result "0-1"]
[WhiteElo "2650"]
[BlackElo "2512"]
[Annotator "TA"]
[PlyCount "82"]
[EventDate "2019.06.27"]
[EventType "swiss"]
[EventCountry "RUS"]
[SourceTitle "playchess.com"]
[Source "ChessBase"]
[SourceQuality "1"]

{[%evp 11,82,29,41,0,8,8,10,10,26,0,19,-10,0,-3,-10,-72,-77,-76,-77,-74,-71,-107,-102,-108,-110,-102,-104,-112,-110,-96,-85,-234,-62,-60,-58,-56,-57,-94,-91,-250,10,8,7,7,4,0,0,0,0,-16,-15,-15,-15,-12,-11,-20,-29,-36,-15,-39,0,-236,-239,-237,-235,-418,-418,-409,-402,-433,-416,-404,-395]} 1. e4 c6 2. d4 d5 3. e5 Bf5 4. Nf3 e6 5. Be2 Ne7 6. O-O c5 7. Na3 {B12: Caro-Kann: Advance Variation} (7. c4 Nbc6 8. dxc5 dxc4 9. Bxc4 Ng6 10. Be3 Be7 11. Nc3 O-O 12. Be2 Qb8 13. Nd2 Rd8 14. f4 Nb4 15. Rc1 b6 {1-0 (42) Harikrishna,P (2729)-Mamedyarov,S (2817) Kolkata 2018}) 7... Nec6 8. c4 cxd4 9. Nb5 {The position is equal.} dxc4 {...d3 is the strong threat.} 10. Bg5 $146 ({Predecessor:} 10. Nfxd4 Bd3 11. Bxd3 cxd3 12. Qxd3 Nxd4 13. Qxd4 Qxd4 14. Nxd4 a6 {½-½ (33) Burgarth,U (2453)-Gonzalez Rabago,N (2474) ICCF email 2016}) 10... Qd7 {White must now prevent ...d3.} 11. Nfxd4 Bd3 12. Bxd3 cxd3 13. Qa4 (13. Rc1 $11 {remains equal.}) 13... h6 $17 14. Be3 Nxd4 $1 15. Bxd4 {aiming for Nc7+.} Nc6 $36 {[%mdl 2048] Black has strong initiative.} 16. Bc3 a6 17. Rad1 O-O-O 18. Nd6+ Bxd6 19. exd6 Qxd6 20. Bxg7 Rhg8 21. Bxh6 (21. Bc3 $17 {keeps fighting.}) 21... Rg6 $2 (21... Qd5 $19 {[%csl Gg8][%cal Rd5g2]} 22. f3 Nd4) 22. Be3 $15 Qd5 {[%csl Gg6][%cal Rd5g2]} 23. f3 f5 24. h4 e5 25. Bg5 $2 {[#]} (25. h5 $17 Rgd6 26. Rf2) 25... Qd4+ $2 (25... Rxg5 $1 $19 {[%mdl 512]} 26. hxg5 e4) 26. Qxd4 $11 Rxd4 27. Kf2 Kd7 28. Rd2 Ke6 29. Rfd1 e4 30. fxe4 fxe4 31. Ke3 $1 {[#]} Rxg5 $1 {[%mdl 512]} 32. hxg5 {[%mdl 4096] Endgame KRR-KRN} Ke5 $1 {White should prevent ...Nb4.} 33. Rf2 Ne7 34. Rf8 $1 {[%cal Rf8e8] Strongly threatening Re8.} Nd5+ {[%mdl 1024] Black has compensation.} 35. Kf2 {And now g6 would win.} e3+ 36. Ke1 $2 {[#]} (36. Kf3 $11 {and White has nothing to worry.} e2 37. Rh1) 36... Nb4 $1 $19 {[%cal Rb4c2] ( -> ...Nc2+)} 37. Re8+ Kf4 38. Rb1 $2 (38. g6 {is a better defense.} Rd8 39. Re7 {[%mdl 64] Decoy} (39. g3+ $2 Kf3 $19)) 38... Nc2+ 39. Kd1 Kxg5 40. g3 Rd7 41. Rc1 {intending Rxc2.} Rf7 {Accuracy: White = 41%, Black = 70%.} 0-1

[Event "72nd RUS-ch Higher League 2019"]
[Site "Yaroslavl"]
[Date "2019.06.27"]
[Round "1.7"]
[White "Levin, Evgeny A."]
[Black "Ponkratov, Pavel"]
[Result "1-0"]
[WhiteElo "2504"]
[BlackElo "2649"]
[Annotator "RC"]
[PlyCount "111"]
[EventDate "2019.06.27"]
[EventType "swiss"]
[EventCountry "RUS"]
[SourceTitle "playchess.com"]
[Source "ChessBase"]
[SourceQuality "1"]
[TimeControl "40/5400+30:1800+30"]

1. d4 {[%emt 0:07:28]} Nf6 {[%emt 0:00:00]} 2. c4 {[%emt 0:00:22]} g6 {[%emt 0:00:00]} 3. Nc3 {[%emt 0:00:22]} d5 {[%emt 0:00:00]} 4. Bf4 {[%emt 0:00:22]} Bg7 {[%emt 0:00:43]} 5. e3 {[%emt 0:02:38]} e6 {[%emt 0:05:24]} 6. Nf3 {[%emt 0:09:42]} O-O {[%emt 0:00:08]} 7. Rc1 {[%emt 0:01:36]} a6 {[%emt 0:10:18]} 8. a3 {[%emt 0:03:32]} b6 {[%emt 0:01:32]} 9. b4 {[%emt 0:18:58]} dxc4 {[%emt 0:00:36]} 10. Bxc4 {[%emt 0:00:17]} Bb7 {[%emt 0:00:04]} 11. O-O {[%emt 0:00:48]} Nbd7 {[%emt 0:00:06]} 12. d5 {[%emt 0:06:50]} Re8 {[%emt 0:08:29]} 13. dxe6 {[%emt 0:08:00]} fxe6 {[%emt 0:00:04]} 14. Qb3 {[%emt 0:08:10]} Nf8 {[%emt 0:02:18]} 15. Rfd1 {[%emt 0:08:54]} Qe7 {[%emt 0:00:36]} 16. a4 {[%emt 0:01:22]} Kh8 {[%emt 0:04:49]} 17. Be2 {[%emt 0:01:51]} Rac8 {[%emt 0:00:39]} 18. Ne5 {[%emt 0:02:33]} N8d7 {[%emt 0:03:30]} 19. Bf3 {[%emt 0:03:28]} Bxf3 {[%emt 0:01:04]} 20. Nxf3 {[%emt 0:00:14]} c6 {[%emt 0:03:09]} 21. Bd6 {[%emt 0:01:16]} Qf7 {[%emt 0:00:04]} 22. Ng5 {[%emt 0:01:49]} Qg8 {[%emt 0:00:06]} 23. Bg3 {[%emt 0:02:14]} c5 {[%emt 0:02:43]} 24. bxc5 {[%emt 0:02:52]} Rxc5 {[%emt 0:00:05]} 25. Nge4 {[%emt 0:00:28]} Rc6 {[%emt 0:00:39]} 26. Nxf6 {[%emt 0:04:46]} Nxf6 {[%emt 0:00:04]} 27. Ne2 {[%emt 0:00:13]} Rxc1 {[%emt 0:02:14]} 28. Rxc1 {[%emt 0:00:15]} Nd7 {[%emt 0:02:14]} 29. Rc7 {[%emt 0:00:50]} Rd8 {[%emt 0:00:05]} 30. h3 {[%emt 0:01:59]} e5 {[%emt 0:00:17]} 31. Qxg8+ {[%emt 0:00:45]} Kxg8 {[%emt 0:00:04]} 32. Nc3 {[%emt 0:00:28]} Kf7 {[%emt 0:05:39]} 33. Nd5 {[%emt 0:00:35]} Ke6 {[%emt 0:00:06]} 34. e4 {[%emt 0:00:19]} Kd6 {[%emt 0:00:07]} 35. Ra7 {[%emt 0:00:36]} a5 {[%emt 0:02:48]} 36. Bh4 {[%emt 0:00:34]} Rb8 {[%emt 0:00:34]} 37. Be7+ {[%emt 0:00:29]} Ke6 {[%emt 0:00:04]} 38. Ba3 {[%emt 0:00:19]} Bf8 {[%emt 0:00:54]} 39. Nc7+ {[%emt 0:00:37]} Kf6 {[%emt 0:00:07]} 40. Nd5+ {[%emt 0:00:00]} Ke6 {[%emt 0:00:00]} 41. Nc7+ {[%emt 0:14:31]} Kf6 {[%emt 0:02:31]} 42. Bb2 {[%emt 0:14:54]} Bc5 {[%emt 0:10:18]} 43. Kf1 {[%emt 0:00:36]} Rf8 {[%emt 0:06:27]} 44. Ke2 {[%emt 0:02:34]} g5 {[%emt 0:00:07]} 45. f3 {[%emt 0:00:31]} Rd8 {[%emt 0:01:28]} 46. g3 {[%emt 0:00:30]} Ke7 {[%emt 0:02:06]} 47. Nb5 {[%emt 0:00:29]} Bd6 {[%emt 0:02:51]} 48. Bc1 {[%emt 0:00:21]} h6 {[%emt 0:00:06]} 49. Be3 {[%emt 0:00:30]} Rb8 {[%emt 0:01:28]} 50. h4 {[%emt 0:00:40]} gxh4 {[%emt 0:00:36]} 51. gxh4 {[%emt 0:00:03]} h5 {[%emt 0:00:02]} 52. Bg5+ {[%emt 0:00:20]} Ke6 {[%emt 0:00:28]} 53. f4 {[%emt 0:00:13]} exf4 {[%emt 0:00:20]} 54. Nd4+ {[%emt 0:00:13]} Ke5 {[%emt 0:00:06]} 55. Rxd7 {[%emt 0:00:39]} Kxd4 {[%emt 0:00:27]} 56. Kf3 {[%emt 0:00:43] Kd5} 1-0

[Event "72nd RUS-ch Higher League 2019"]
[Site "Yaroslavl"]
[Date "2019.06.27"]
[Round "1.8"]
[White "Alekseev, Evgeny"]
[Black "Drygalov, Andrey"]
[Result "1/2-1/2"]
[WhiteElo "2645"]
[BlackElo "2494"]
[Annotator "TA"]
[PlyCount "79"]
[EventDate "2019.06.27"]
[EventType "swiss"]
[EventCountry "RUS"]
[SourceTitle "playchess.com"]
[Source "ChessBase"]
[SourceQuality "1"]

{[%evp 15,79,0,-8,-20,0,0,0,0,17,7,39,18,6,4,27,0,4,0,0,0,4,0,0,0,0,0,0,-7,0,1,0,0,0,0,16,20,17,16,24,20,35,35,35,35,38,38,45,31,38,37,47,39,52,52,52,52,54,50,79,0,53,0,81,0,60,0]} 1. c4 e5 2. Nc3 Nf6 3. Nf3 Nc6 4. d3 g6 5. e3 Bg7 6. Be2 d5 7. cxd5 Nxd5 8. O-O O-O 9. Bd2 {A28: English Opening: Four Knights Variation} b6 (9... Ndb4 10. Qb1 Bg4 11. Rd1 Bxf3 12. Bxf3 Qxd3 13. a3 Qxb1 14. Raxb1 Nd3 15. b4 f5 16. b5 Ne7 {1-0 (57) Alekseev,E (2620)-Khanin,S (2494) St Petersburg 2018}) 10. a3 Bb7 11. Rc1 {The position is equal.} Nce7 $146 ({Predecessor:} 11... Nde7 12. b4 a6 13. Qb3 Qd7 14. Rfd1 {0-1 (37) Garbett,P (2229)-Solomon,S (2367) Auckland 2016}) 12. b4 Rc8 13. Re1 Nxc3 14. Bxc3 c5 15. e4 Nc6 16. bxc5 bxc5 17. Qa4 Qd6 18. Nd2 Rc7 {[%cal Bc8c7,Bc7d7,Bd7d3][%mdl 32]} 19. Nc4 Qd7 20. Rb1 Nd4 21. Qxd7 Nxe2+ 22. Rxe2 Rxd7 23. Nxe5 Bxe5 24. Bxe5 Rxd3 25. f3 Ba6 26. Rc2 c4 27. Bc3 Rc8 28. Kf2 Kf8 29. Rb4 Ke7 30. Ra4 Rc6 31. Ra5 Kd7 32. Kg3 f6 33. Bb4 Ke6 34. h4 h5 35. Kf4 Rd7 36. Bc3 Kf7 37. Bb4 Ke6 38. Bc3 Kf7 39. Bb4 Ke6 40. Bc3 {Accuracy: White = 50%, Black = 68%.} ({Better is} 40. Rd2 $14) 1/2-1/2

[Event "72nd RUS-ch Higher League 2019"]
[Site "Yaroslavl"]
[Date "2019.06.27"]
[Round "1.9"]
[White "Drygalov, Sergey"]
[Black "Zvjaginsev, Vadim"]
[Result "1/2-1/2"]
[WhiteElo "2492"]
[BlackElo "2644"]
[Annotator "TA"]
[PlyCount "149"]
[EventDate "2019.06.27"]
[EventType "swiss"]
[EventCountry "RUS"]
[SourceTitle "playchess.com"]
[Source "ChessBase"]
[SourceQuality "1"]

{[%evp 9,149,27,38,33,33,15,12,16,33,21,22,18,29,23,38,36,38,32,38,39,44,47,43,46,41,45,36,29,29,29,29,35,29,29,40,26,31,22,28,20,25,19,40,16,29,29,33,32,39,33,33,20,38,20,55,54,55,55,55,55,55,54,55,50,86,66,101,55,55,55,55,55,55,55,55,55,55,55,55,55,55,8,8,8,8,8,88,88,90,29,133,133,295,309,272,286,246,221,216,201,377,367,420,422,414,418,390,379,655,662,662,613,655,609,586,512,447,80,80,0,121,40,40,40,40,35,37,41,26,8,8,8,8,8,8,0,0,0,0,0,0,0]} 1. d4 d5 2. Nf3 e6 3. c4 a6 4. Bg5 Be7 5. Bxe7 Qxe7 6. Nbd2 {D30: Queen's Gambit Declined: Systems without Nc3} Nf6 7. g3 O-O 8. Bg2 c5 $146 ({Predecessor:} 8... b6 9. cxd5 exd5 10. O-O Bb7 11. Rc1 a5 {½-½ (65) Ding,L (2805)-Carlsen,M (2861) Cupar 2019}) 9. cxd5 exd5 10. dxc5 Qxc5 11. Rc1 Qa5 12. O-O Nc6 13. Qc2 Re8 14. e3 Bg4 15. Nb3 Qa4 ({But not} 15... Qxa2 $2 16. Ra1 $18) 16. Nbd4 Qxc2 17. Rxc2 Bxf3 18. Nxf3 Nb4 19. Rc7 Nxa2 20. Ra1 Nb4 21. Rxb7 Rab8 22. Rxb8 Rxb8 23. Bf1 g6 24. Nd4 Ne4 25. Rc1 Rb6 26. Be2 Ng5 27. h4 Ne6 28. Nxe6 Rxe6 $14 {[%mdl 4096] Endgame KRB-KRN} 29. Kf1 Rb6 30. Rc7 Kf8 31. h5 g5 32. b3 h6 33. Ke1 Nc6 34. Bf3 Ne7 35. Bd1 Ng8 36. g4 Nf6 37. f3 Rd6 38. Kd2 d4 39. exd4 Rxd4+ 40. Ke1 Rd6 41. Be2 Nd5 42. Ra7 Nb4 $1 43. Bc4 Rf6 $1 44. Kf2 Kg7 45. Rb7 Nc6 46. Bd5 Ne5 47. Ke3 Kf8 (47... Rd6 $11 48. Bc4 Rc6) 48. Ra7 $16 Ke8 49. b4 ({White should try} 49. Bb7 $16) 49... Rb6 (49... Nc6 $11 50. Rb7 (50. Rxa6 Nxb4 51. Ra8+ Ke7 $14) 50... Ne5) 50. Kd4 $1 {[%cal Rd4e5]} f6 $2 (50... Nd7 $16) 51. Rb7 $1 $18 {[%cal Rb7b6]} Rd6 52. Kc5 Rd8 53. Be4 Nd3+ 54. Kc6 Rd4 $2 {[#]} (54... Kf8 {might work better.} 55. Rh7 Ne5+ 56. Kc5 Nf7) 55. Rh7 $1 Ne5+ {[#]} 56. Kc5 $1 {[%cal Rc5d4]} Rc4+ 57. Kd5 Rxb4 {If only Black now had time for ...Rb5+....} 58. Rxh6 Rb5+ $2 (58... Rb6 59. Rh8+ Ke7) 59. Ke6 {[%cal Rh6h8]} Rb6+ 60. Kf5 Kf7 61. Rh7+ Kg8 62. Rc7 Rd6 63. Rc5 $2 (63. h6 $18) 63... Kg7 $16 64. Rc7+ ({Better is} 64. f4 $16 gxf4 65. g5 (65. Kxf4 Rd4 $14)) 64... Rd7 (64... Kg8 $1 $11 {remains equal.} 65. h6 Nd7) 65. Rc8 (65. Rxd7+ $16 Nxd7 66. Ke6) 65... Nf7 $14 {aiming for ...Re7.} 66. Ke6 Ra7 $1 67. Bg6 {Strongly threatening Bxf7.} Nh6 68. Rc4 a5 69. Ra4 Ra6+ {The position is equal.} 70. Kd5 f5 71. gxf5 Kf6 72. Kc5 Nxf5 73. Kb5 Ra8 74. Kb6 Rb8+ 75. Kc6 {Accuracy: White = 62%, Black = 61%.} 1/2-1/2

[Event "72nd RUS-ch Higher League 2019"]
[Site "Yaroslavl"]
[Date "2019.06.27"]
[Round "1.10"]
[White "Sarana, Alexey"]
[Black "Nozdrachev, Vladislav"]
[Result "1/2-1/2"]
[WhiteElo "2641"]
[BlackElo "2481"]
[Annotator "TA"]
[PlyCount "53"]
[EventDate "2019.06.27"]
[EventType "swiss"]
[EventCountry "RUS"]
[SourceTitle "playchess.com"]
[Source "ChessBase"]
[SourceQuality "1"]

{[%evp 15,53,7,0,6,3,3,16,0,0,0,61,71,67,49,53,11,17,11,12,20,14,0,0,0,0,0,0,0,0,0,0,0,0,0,0,0,0,0,0,0]} 1. d4 Nf6 2. c4 e6 3. Nf3 d5 4. Nc3 c5 5. cxd5 Nxd5 6. e3 Nc6 7. Bd3 Be7 8. O-O O-O 9. Be4 {D42: Queen's Gambit Declined: Semi-Tarrasch: 5 cxd5 Nxd5 6 e3 Nc6 7 Bd3} Nf6 10. dxc5 $146 ({Predecessor:} 10. Bxc6 cxd4 11. Nxd4 bxc6 12. Nxc6 Qc7 13. Nxe7+ Qxe7 14. e4 Ba6 15. e5 Nd5 16. Nxd5 exd5 {1-0 (73) Carlsen,M (2826)-Hammer,J (2636) Kristiansund 2010}) 10... Bxc5 11. Bxc6 bxc6 12. Qc2 Nd5 (12... Qc7 $11) 13. Nxd5 $14 Qxd5 14. Rd1 Qh5 15. b3 Bb7 {The position is equal.} 16. Rd7 Bc8 17. Rd2 Bb4 18. Rd1 ({Don't play} 18. Qxc6 Rb8 $17) 18... c5 19. Bb2 Bb7 20. Ne5 f6 21. Nc4 Bxg2 22. Kxg2 Qg4+ 23. Kf1 Qh3+ $1 {[%mdl 64] [#] Double Attack} 24. Ke2 Qg4+ 25. Kf1 Qh3+ $1 {[%mdl 64] Double Attack} 26. Ke2 Qg4+ 27. Kf1 {Accuracy: White = 84%, Black = 89%.} 1/2-1/2